| 000 | 00788nam a2200277Ia 4500 | ||
|---|---|---|---|
| 005 | 20250425162218.0 | ||
| 008 | 250425s9999 xx 000 0 und d | ||
| 020 | _a9586574423 | ||
| 041 | _aspa | ||
| 043 | _ack | ||
| 082 | _a621.381 | ||
| 100 | _aRAMOS RAMOS, GUILLERMO | ||
| 245 | 0 | _aELECTRONICA INDUSTRIAL Y AUTOMATIZACION: INCLUYE PLCS, ELECTRICIDAD INDUSTRIAL Y ELECTRONICA DE POTENCIA, AUTOMATIZACION INDUSTRIAL (TOMO 2) | |
| 250 | _a1A ED. | ||
| 260 |
_aColombia _bCEKIT _c2002 |
||
| 260 | _aPEREIRA | ||
| 300 | _a168 | ||
| 650 | _aAUTOMATAS | ||
| 650 | _aAUTOMATIZACION INDUSTRIAL | ||
| 650 | _aCONTROL DE PROCESOS | ||
| 650 | _aROBOTICA | ||
| 700 | _aCASTANO WELGOS, JUAN ANDRES | ||
| 700 | _aHERNANDEZ M, JORGE EDUARDO | ||
| 942 | _c01 | ||
| 010 | _a57014 | ||
| 999 |
_c224628 _d224628 |
||